|
|
|
|
| LEADER |
00000nam0a2200000 4500 |
| 001 |
267879 |
| 005 |
20231101234121.0 |
| 010 |
|
|
|a 9785819905234
|
| 010 |
|
|
|a 978-5-16-005321-9
|
| 035 |
|
|
|a (RuTPU)RU\TPU\book\290992
|
| 090 |
|
|
|a 267879
|
| 100 |
|
|
|a 20140822d2014 m y0rusy50 ca
|
| 101 |
0 |
|
|a rus
|
| 102 |
|
|
|a RU
|
| 105 |
|
|
|a a j 001zy
|
| 200 |
1 |
|
|a Аудит: основы аудита, технология и методика проведения аудиторских проверок
|e учебное пособие для вузов
|f Н. В. Парушина, Е. А. Кыштымова
|
| 205 |
|
|
|a 2-е изд., перераб. и доп.
|
| 210 |
|
|
|a Москва
|c Инфра-М
|c Форум
|d 2014
|
| 215 |
|
|
|a 558 с.
|c ил.
|
| 225 |
1 |
|
|a Высшее образование
|
| 320 |
|
|
|a Библиогр.: с. 494.
|
| 330 |
|
|
|a В учебном пособии рассматриваются основы аудиторской деятельности, технология и методика аудиторской проверки основных разделов бухгалтерского учета организаций. Теория и практика аудита основаны на использовании современных нормативных документов в области аудиторской деятельности и федеральных аудиторских стандартов. ся примеры оформления рабочих документов аудитора, позволяющие наглядно представить процесс организации, планирования, проведения и обобщения результатов аудита в организациях различных видов деятельности. Учебное пособие включает курс лекций и контрольные вопросы для самопроверки. Лдя студентов, бакалавров, магистрантов, аспирантов и преподавателей экономических вузов и колледжей, аудиторов, бухгалтеров, работников налоговых и финансовых служб.)
|
| 606 |
1 |
|
|a Аудит
|2 stltpush
|3 (RuTPU)RU\TPU\subj\29811
|9 53071
|
| 610 |
1 |
|
|a аудиторская деятельность
|
| 610 |
1 |
|
|a правовое регулирование
|
| 610 |
1 |
|
|a стандартизация
|
| 610 |
1 |
|
|a аудиторские проверки
|
| 610 |
1 |
|
|a проведение
|
| 610 |
1 |
|
|a планирование
|
| 610 |
1 |
|
|a методика
|
| 610 |
1 |
|
|a техника
|
| 610 |
1 |
|
|a аудиторские услуги
|
| 610 |
1 |
|
|a обобщение
|
| 610 |
1 |
|
|a оформление
|
| 610 |
1 |
|
|a практический аудит
|
| 610 |
1 |
|
|a уставной капитал
|
| 610 |
1 |
|
|a учетная политика
|
| 610 |
1 |
|
|a денежные средства
|
| 610 |
1 |
|
|a финансовые вложения
|
| 610 |
1 |
|
|a расчетные операции
|
| 610 |
1 |
|
|a кредитные операции
|
| 610 |
1 |
|
|a нематериальные активы
|
| 610 |
1 |
|
|a материально-производственные запасы
|
| 610 |
1 |
|
|a оплата труда
|
| 610 |
1 |
|
|a издержки
|
| 610 |
1 |
|
|a себестоимость
|
| 610 |
1 |
|
|a финансовые результаты
|
| 610 |
1 |
|
|a финансовая отчетность
|
| 610 |
1 |
|
|a учебные пособия
|
| 675 |
|
|
|a 657.6(075.8)
|v 3
|
| 700 |
|
1 |
|a Парушина
|b Н. В.
|g Наталья Валерьевна
|
| 701 |
|
1 |
|a Кыштымова
|b Е. А.
|g Евгения Александровна
|
| 801 |
|
1 |
|a RU
|b 63413507
|c 20140822
|
| 801 |
|
2 |
|a RU
|b 63413507
|c 20150708
|g RCR
|
| 900 |
|
|
|a Аудит
|
| 900 |
|
|
|a Бухгалтерский учет и аудит
|
| 900 |
|
|
|a Финансы и кредит
|
| 900 |
|
|
|a Налоги и налогообложение
|
| 900 |
|
|
|a Мировая экономика
|
| 942 |
|
|
|c BK
|
| 951 |
|
|
|b 080100
|b 080300
|b 081200
|
| 955 |
|
|
|l 8
|
| 959 |
|
|
|a 89/20140527
|d 2
|e 499,90
|f ЧЗГЛ:1
|f АНЛ:1
|